000 00553cam a2200217 4500
001 M1249
008 090401t1992 xxu||||| |||| 00| 0 eng d
035 _a(Sirsi) u30767
041 _aeng
050 _a338.6042
110 _aEmployee Relocation Council
_9222
245 _aDirectory of affiliate members.
260 _aLondon
_bCBI Employee Relocation Council
_c1992
300 _a31p. ; 30cm.
350 _a0
490 _aCBI Affiliates Directory
_v11
650 _aDIRECTORIES
650 _aRELOCATION
942 _n0
948 _c04/03/1997
999 _c89507
_d89507